Nutrition and development

Guardat en:
Dades bibliogràfiques
Autor principal: Winick, Myron (Autor)
Format: Llibre
Idioma:anglès
Publicat: Nueva York John Wiley and Sons 1972
Col·lecció:Current Concepts in Nutrition, 1
Matèries:
Etiquetes: Afegir etiqueta
Sense etiquetes, Sigues el primer a etiquetar aquest registre!

MARC

LEADER 00000nam a2200000 a 4500
001 UCR5355
003 CL-VaPUC
008 980327e19720000US |||||||||||||||||eng|d
082 0 4 |a 612.65  |b WIN  |2 21 
100 0 |a Winick, Myron  |e author  |9 406188 
245 1 0 |a Nutrition and development 
300 |a 254 p 
942 |c BK 
945 |d 19980327 00:00:00  |a crobeson 
260 |a Nueva York  |b John Wiley and Sons  |c 1972 
650 0 |a Nutrición   |9 259434 
650 7 |a NUTRICION INFANTIL  |2 CL-VaPUC  |9 260383 
650 7 |a CRECIMIENTO  |2 CL-VaPUC  |9 406189 
650 0 |a Pediatría  |9 309397 
650 7 |a DIETETICA  |2 CL-VaPUC  |9 259618 
650 7 |a PAUTAS ALIMENTARIAS  |2 CL-VaPUC  |9 406190 
650 0 |a Salud  |9 258663 
583 |a last modification  |c 19980327 00:00:00  |k Rodrigo Vera 
490 0 |a Current Concepts in Nutrition, 1 
999 |c 267964  |d 267962 
952 |0 0  |1 0  |4 0  |6 612_650000000000000_WIN_1972  |7 0  |8 A  |9 300813  |a BIBALI  |b BIBALI  |c GEN  |d 2019-11-20  |i 1973576  |o 612.65 WIN 1972  |p 1973576  |r 2025-01-20  |w 2019-11-20  |y BK  |k ALI